Better Days- Zach Bryan lyrics - Statistics

General Stats
  • This quiz has been taken 2 times
  • The average score is 201 of 253
Answer Stats
Answer % Correct
a
100%
again
100%
am
100%
and
100%
angry
100%
answers
100%
as
100%
back
100%
be
100%
better
100%
boy
100%
come
100%
days
100%
deep
100%
dont
100%
find
100%
get
100%
go
100%
good
100%
got
100%
hateful
100%
i
100%
im
100%
in
100%
listen
100%
man
100%
my
100%
of
100%
on
100%
realize
100%
skin
100%
so
100%
sounds
100%
the
100%
them
100%
they
100%
time
100%
times
100%
tired
100%
to
100%
touch
100%
way
100%
will
100%
you
100%
all
50%
always
50%
around
50%
away
50%
awhile
50%
bar
50%
blue
50%
burned
50%
burnin
50%
but
50%
change
50%
child
50%
city
50%
comes
50%
damn
50%
deserve
50%
findin
50%
fire
50%
forty
50%
gettin
50%
gonna
50%
guitar
50%
hard
50%
hell
50%
her
50%
hot
50%
ill
50%
it
50%
I've
50%
ive
50%
kiss
50%
known
50%
laughter
50%
like
50%
lord
50%
loved
50%
me
50%
mistakes
50%
never
50%
out
50%
pray
50%
quite
50%
radio
50%
she
50%
stay
50%
still
50%
streetlight
50%
sweet
50%
their
50%
thered
50%
theres
50%
these
50%
theyre
50%
told
50%
try
50%
trying
50%
unstable
50%
wasnt
50%
wasting
50%
waves
50%
well
50%
what
50%
who
50%
wind
50%
with
50%
younger
50%
boat
0%
lifes
0%
this
0%
No matching quizzes found
Score Distribution
Percent of People with Each Score
Percentile by Number Answered
Your Score History
You have not taken this quiz